000 00536nam a22001817a 4500
999 _c188643
_d188643
005 20220530123732.0
010 _aENG-132878
020 _a9789380570080
_c1195.00
035 _aEN-116410
037 _bDBAD/PUB
082 _a720.954
100 _aJain, A.K.
245 _aLutens' Delhi/
_cA.K. Jain
260 _aDelhi
_bBookwell
_c2010
270 _a3/79, Nirankari Colony
_bDelhi
_e110009
_mbkwell@nde.vsnl.net.in
300 _aix, 200p.
_bBibliography, Abbrevations
_c20cm(hbk)
942 _2ddc
_cEN
_h720.954
_mJAI